[Event "Pavlodar op"]
[Site "Pavlodar"]
[Date "2015.12.11"]
[Round "6"]
[White "Gude, R."]
[Black "Nugumanov, Bakhtiyar"]
[Result "0-1"]
[WhiteElo "2004"]
[BlackElo "2259"]
[PlyCount "76"]
[EventDate "2015.12.07"]
[EventType "swiss"]
[EventRounds "10"]
[EventCountry "KAZ"]
[SourceTitle "EXT 2017"]
[Source "ChessBase"]
[SourceDate "2016.10.25"]
[SourceVersion "1"]
[SourceVersionDate "2016.10.25"]
[SourceQuality "1"]

1. d4 d5 2. Bg5 h6 3. Bh4 c6 4. e3 Qb6 5. Qc1 e5 6. Nf3 e4 7. Nfd2 Be7 8. Bxe7 Nxe7 9. c4 0-0 10. Be2 Nd7 11. 0-0 Nf6 12. Nc3 Bg4 13. Bxg4 Nxg4 14. h3 Nf6 15. Rb1 Qd8 16. b4 a6 17. a4 Rc8 18. c5 Nf5 19. b5 axb5 20. axb5 Nh7 21. bxc6 bxc6 22. Qd1 Re8 23. Ne2 Qg5 24. Nf4 Nxd4 25. h4 Qf5 26. Nc4 Nf3+ 27. gxf3 dxc4 28. fxe4 Rxe4 29. Rb7 Nf6 30. Ng2 Qh3 31. f3 Re6 32. Qd4 c3 33. Qxc3 Nh5 34. Qb3 Ng3 35. Rd1 Rf6 36. f4 Re8 37. Rb8 Qh1+ 38. Kf2 Ne4+ 0-1

[Event "Pavlodar op"]
[Site "Pavlodar"]
[Date "2015.12.09"]
[Round "4"]
[White "Egorov, Mikhail1111"]
[Black "Gude, R."]
[Result "0-1"]
[WhiteElo "1732"]
[BlackElo "2004"]
[PlyCount "64"]
[EventDate "2015.12.07"]
[EventType "swiss"]
[EventRounds "10"]
[EventCountry "KAZ"]
[SourceTitle "EXT 2017"]
[Source "ChessBase"]
[SourceDate "2016.10.25"]
[SourceVersion "1"]
[SourceVersionDate "2016.10.25"]
[SourceQuality "1"]

1. c4 e5 2. Nc3 Nf6 3. g3 Bb4 4. Bg2 0-0 5. Nf3 Re8 6. 0-0 Nc6 7. a3 Bxc3 8. bxc3 d6 9. d4 Qe7 10. e3 Rb8 11. Rb1 Bg4 12. Qa4 Bf5 13. Rb2 a6 14. Nh4 Bd7 15. d5 Nd4 16. Qa5 Nf5 17. Qxc7 Nxh4 18. gxh4 Rec8 19. Qb6 Rxc4 20. Qa7 Qd8 21. Rxb7 Rxb7 22. Qxb7 Bc8 23. Qb8 Rxh4 24. Bd2 Ne4 25. Bxe4 Rxe4 26. f4 exf4 27. Rxf4 Re8 28. Kf2 Qe7 29. Qb6 g5 30. Rf3 Qe5 31. Qc7 Qxd5 32. Be1 Bb7 0-1

[Event "Pavlodar op"]
[Site "Pavlodar"]
[Date "2014.12.02"]
[Round "2"]
[White "Iskichekova, Nadezhda"]
[Black "Gude, R."]
[Result "1-0"]
[WhiteElo "1783"]
[BlackElo "2069"]
[PlyCount "68"]
[EventDate "2014.12.01"]
[EventType "swiss"]
[EventRounds "9"]
[EventCountry "KAZ"]
[SourceTitle "EXT 2016"]
[Source "ChessBase"]
[SourceDate "2015.10.08"]
[SourceVersion "1"]
[SourceVersionDate "2015.10.08"]
[SourceQuality "1"]

1. d4 d5 2. c4 c6 3. e3 Nf6 4. Nc3 e6 5. Nf3 Nbd7 6. Bd3 dxc4 7. Bxc4 b5 8. Bd3 a6 9. e4 c5 10. e5 cxd4 11. Nxb5 axb5 12. exf6 gxf6 13. 0-0 Qb6 14. Be4 Ra5 15. Qc2 Ba6 16. Bd2 b4 17. Rfc1 Bc5 18. Be1 Ke7 19. a3 Bd6 20. axb4 Rxa1 21. Rxa1 f5 22. Bd3 Bb7 23. Nh4 Rg8 24. Qe2 Kf8 25. Bd2 Qc6 26. Bh6+ Ke8 27. f3 Be7 28. Bb5 Qb6 29. Bxd7+ Kxd7 30. Qf2 Bxb4 31. Rd1 Ke7 32. Kh1 Bc5 33. Qe2 Kf6 34. f4 Qd6 1-0

[Event "Pavlodar op"]
[Site "Pavlodar"]
[Date "2014.12.01"]
[Round "1"]
[White "Gude, R."]
[Black "Aleksandrov, Aleksej"]
[Result "0-1"]
[WhiteElo "2069"]
[BlackElo "2593"]
[PlyCount "49"]
[EventDate "2014.12.01"]
[EventType "swiss"]
[EventRounds "9"]
[EventCountry "KAZ"]
[SourceTitle "EXT 2016"]
[Source "ChessBase"]
[SourceDate "2015.10.08"]
[SourceVersion "1"]
[SourceVersionDate "2015.10.08"]
[SourceQuality "1"]

1. d4 Nf6 2. Nc3 d5 3. Bg5 c6 4. e3 Qb6 5. Rb1 Nbd7 6. Bd3 g6 7. f4 Bg7 8. Nf3 Ng4 9. Qe2 f6 10. Bh4 e5 11. h3 Nh6 12. fxe5 fxe5 13. e4 0-0 14. exd5 exd4 15. Bf2 Nc5 16. 0-0 dxc3 17. b4 Qd8 18. Bxc5 Re8 19. Qf2 Qxd5 20. Bd4 Bf5 21. Bxg7 Kxg7 22. Rb3 Bxd3 23. Rd1 Re2 24. Rxd3 Rxf2 25. Rxd5 0-1

[Event "Pavlodar op"]
[Site "Pavlodar"]
[Date "2013.12.15"]
[Round "6"]
[White "Arunov, Nurtas"]
[Black "Gude, R."]
[Result "1-0"]
[WhiteElo "1896"]
[BlackElo "2119"]
[PlyCount "91"]
[EventDate "2013.12.10"]
[EventType "swiss"]
[EventRounds "10"]
[EventCountry "KAZ"]
[SourceTitle "CBM 158 Extra"]
[Source "ChessBase"]
[SourceDate "2014.02.28"]
[SourceVersion "1"]
[SourceVersionDate "2014.02.28"]
[SourceQuality "1"]

1. e4 e5 2. Nf3 Nc6 3. Bb5 a6 4. Ba4 Nf6 5. 0-0 Be7 6. Re1 b5 7. Bb3 d6 8. c3 0-0 9. h3 Re8 10. d4 Bb7 11. Nbd2 Bf8 12. Ng5 Re7 13. Ndf3 h6 14. Nxf7 Rxf7 15. Bxf7+ Kxf7 16. Qb3+ Kg6 17. a4 Na5 18. Nh4+ Kh7 19. Qf7 Qe8 20. Qxc7 Nb3 21. Ra3 Nxc1 22. Qxb7 Nd3 23. Rb1 bxa4 24. Rxa4 exd4 25. Rxd4 Nc5 26. Qb6 Qh5 27. Qc6 Re8 28. Nf3 Ncxe4 29. Qxa6 d5 30. Rdd1 Bc5 31. Nd4 Qh4 32. Qf1 Qg5 33. Rbc1 Qf4 34. Rc2 g5 35. b4 Ba7 36. Qd3 Kh8 37. Ra1 Re7 38. Qf3 Qxf3 39. gxf3 Bxd4 40. cxd4 Nd6 41. Rc6 Rd7 42. b5 Nfe8 43. b6 Kg7 44. Ra7 Nb7 45. Rc7 Nxc7 46. Rxb7 1-0

[Event "Pavlodar op"]
[Site "Pavlodar"]
[Date "2013.12.11"]
[Round "3"]
[White "Gude, R."]
[Black "Kandaurov, Viktor"]
[Result "0-1"]
[WhiteElo "2119"]
[BlackElo "1605"]
[PlyCount "30"]
[EventDate "2013.12.10"]
[EventType "swiss"]
[EventRounds "10"]
[EventCountry "KAZ"]
[SourceTitle "CBM 158 Extra"]
[Source "ChessBase"]
[SourceDate "2014.02.28"]
[SourceVersion "1"]
[SourceVersionDate "2014.02.28"]
[SourceQuality "1"]

1. d4 e6 2. e4 Nc6 3. f4 b6 4. Nf3 Bb7 5. Bd3 h6 6. a3 Be7 7. 0-0 Nf6 8. Nc3 a6 9. e5 Ng4 10. h3 h5 11. hxg4 hxg4 12. Nh2 g3 13. Nf3 Nxd4 14. Nxd4 Bc5 15. Nce2 Rh1+ 0-1

[Event "Pavlodar op"]
[Site "Pavlodar"]
[Date "2012.11.30"]
[Round "1"]
[White "Gude, R."]
[Black "Ponkratov, Pavel"]
[Result "1/2-1/2"]
[WhiteElo "2120"]
[BlackElo "2589"]
[PlyCount "63"]
[EventDate "2012.11.30"]
[EventType "swiss"]
[EventRounds "10"]
[EventCountry "KAZ"]
[SourceTitle "EXT 2014"]
[Source "ChessBase"]
[SourceDate "2013.11.20"]
[SourceVersion "1"]
[SourceVersionDate "2013.11.20"]
[SourceQuality "1"]

1. d4 Nf6 2. Nc3 d5 3. Bg5 Nbd7 4. f3 c5 5. dxc5 e6 6. e4 Bxc5 7. Qd2 dxe4 8. 0-0-0 Qa5 9. Bc4 exf3 10. Nxf3 Bb4 11. Bb3 Ne4 12. Qe3 Nxc3 13. bxc3 Bxc3 14. Rd3 Bf6 15. Bxe6 0-0 16. Bxd7 Bxg5 17. Qxg5 Qxa2 18. Kd2 Bxd7 19. Rxd7 Rac8 20. Rc1 Qe6 21. Qd5 Qg4 22. g3 Qh3 23. Re1 Qg2+ 24. Re2 Rxc2+ 25. Kxc2 Qxe2+ 26. Kb3 b5 27. Rd8 Qc4+ 28. Kb2 Qb4+ 29. Kc2 Qa4+ 30. Kb2 Qb4+ 31. Kc2 Qa4+ 32. Kb2 1/2-1/2